Pufie o incêndio no parque de merendas (Record no. 43124)
[ view plain ]
| 000 -Etiqueta do registo | |
|---|---|
| Valores | 00409nam a2200169 4500 |
| 100 ## - Dados gerais de processamento | |
| Dados gerais | 20240528 pory50 |
| 101 ## - Língua de publicação | |
| Língua | por |
| 102 ## - País de publicação | |
| País | PT |
| 200 ## - Titulo e menção de responsabilidade | |
| Título próprio | Pufie o incêndio no parque de merendas |
| Primeira menção de responsabilidade | texto Lara xavier |
| Outras menções de responsabilidade | il. Raquel santos |
| 205 ## - Menção da edição | |
| Edição | 1.ª ed. |
| 210 ## - Publicação | |
| Local de publicação | Alfragide |
| Nome do editor | LeYa |
| Data de publicação | 2018 |
| 215 ## - Descrição física | |
| Paginação / Volumes | 1 v. |
| Outras indicações físicas | il. |
| 675 ## - CDU | |
| Notação | 82-93 |
| 801 ## - Fonte de origem | |
| País | PT |
| Regras de catalogação | RPC |
| 990 ## - Elementos KOHA | |
| Tipo de documento | Livro |
| Aquisição | Empréstimo | Código de barras | Cota | Permissão de empréstimo | Tipo de documento |
|---|---|---|---|---|---|
| Biblioteca do Centro Escolar de Redondo | Biblioteca do Centro Escolar de Redondo | 79891 | 82-93 XAV LIT. INF. JUV. | Livro |